00342nam a2200145Ia 4500003000900000008004100009040001300050040001300063041000800076100002000084245006500104260001300169300000800182490000600190IT-RoPAU120407s9999 xx 000 0 und d aIT-RoPAU cIT-RoPAU aita aAlberto Moravia a"10 L’amore coniugale 11 La ciociara 12 Il conformista" aBompiani c cm v1